"Az vagy, amit eszel" táplálkozásbiokémia, pathobiokémia : jegyzet
Elmentve itt :
| Dokumentumtípus: | Könyv |
|---|---|
| Kulcsszavak: | biokémia táplálkozás |
| Tárgyszavak: | |
| Online Access: | http://eta.bibl.u-szeged.hu/733 |
| LEADER | 00738nnm a2200217 i 4500 | ||
|---|---|---|---|
| 001 | eta733 | ||
| 005 | 20181115085553.0 | ||
| 008 | 181115suuuu hu o 0|| hun d | ||
| 040 | |a SZTE Elektronikus Tananyag Archívum |b hun | ||
| 041 | |a hun | ||
| 245 | 0 | 0 | |a "Az vagy, amit eszel" |h [elektronikus dokumentum] : |b táplálkozásbiokémia, pathobiokémia : jegyzet |
| 300 | |a 107 | ||
| 516 | |a Book | ||
| 650 | 4 | |a Természettudományok | |
| 650 | 4 | |a Biológiai tudományok | |
| 650 | 4 | |a Biokémia és molekuláris biológia | |
| 650 | 4 | |a Biokémia | |
| 650 | 4 | |a Molekuláris biológia | |
| 695 | |a biokémia | ||
| 695 | |a táplálkozás | ||
| 856 | 4 | 0 | |u https://eta.bibl.u-szeged.hu/733/1/taplalkozasbiokemia_jegyzet_azvagyamiteszel.pdf |z Dokumentum-elérés |